00578nam a2200181 i 4500001000700000003000900007005001700016007000300033008004100036080001100077100003600088245013100124260004300255300002000298650002900318700002500347852002400372135302ES-MaACL20250902231241.0t|070716q1911 sp |||| | spa d a330.821 aToniolo, Giuseppe (d1845-1918)10aTratado de economia social b: introducción / cpor José Toniolo ; traducción, prólogo y notas por Amando Castroviejo. aMadrid : b[G. López Horno, c1911?] a2 v. ; c19 cm. 7aEconomía social2embne1 aCastroviejo, Amando. aES-MaACLjF-1717-18